| 000 | 01348cad a22002415a 4500 | ||
|---|---|---|---|
| 001 | L144923 | ||
| 008 | 080820e20080711xxkado f s 000 0 eng d | ||
| 035 | _a(Sirsi) u144923 | ||
| 041 | 0 | _aeng | |
| 050 | 0 | 4 | _a711.52 $2 18 |
| 100 | 1 | _aBeaman, Michael | |
| 245 | 0 | 0 |
_aDelivering strategies for masterplans and area action plans _h[electronic resource] |
| 260 |
_aLondon _bRICS _c2008 |
||
| 505 | 2 | _aBackground -- The starting point: partners, visions and shared objectives -- The 'baseline': practical and financial restraints -- Public funding for physical regeneration -- Special funding streams -- Maximising public funding -- Development and developers -- Forecasting the future -- Putting it together - managing the delivery process -- The business plan | |
| 520 | _aLooks at masterplanning as a core skill for planning and development surveyors, making use of a variety of detailed case studies. A summarised version is also available for those who are looking for the key points of the research. | ||
| 521 | _aAdvanced | ||
| 590 | _aKA | ||
| 651 | 4 |
_aUnited Kingdom _y |
|
| 690 | _aPROPERTY-PROPERTY MANAGEMENT-REGENERATION | ||
| 710 | 2 |
_aRoyal Institution of Chartered Surveyors _94900 |
|
| 856 | 4 | 0 |
_uhttps://www.rics.org/RICSWEB/getpage.aspx?p=RGbyJia7SUmD2TvTGMwdYA _zView the item free of charge at www.rics.org... |
| 942 | _n0 | ||
| 999 |
_c108655 _d108655 |
||